000 00718nam a2200253 i 4500
001 bgj
100 1 _aDENNIS, Ann
245 1 0 _aSpotlight on Australia /
_cAnn Dennis.
260 _aMelbourne (Australia) :
_bOxford University Press,
_c2000.
300 _a134 pp :
_bill. ;
_c26 cm.
504 _aBibliography p. 132.
505 _aIncludes index.
651 9 _aAustralia
_xGeography
651 9 _aAustralia
_xHistory
651 9 _aAustralia
_xSocial life and customs
651 9 _aAustralia
_xPolitics and government
655 _aDescription and travel
020 _a0195507681
040 _cBPK
041 0 _aeng
920 _a0-19-550768-1
942 _cKS
008 s uk f |000 0 eng
999 _c48245
_d48245
856 _uhttp://koha.tu.koszalin.pl/cgi-bin/koha/opac-detail.pl?biblionumber=48245
_yKatalog online BPK